<A> gazdasági élénkülés esélyei.
Predpoklady oživenia hospodárstva v postkomunistických štátoch. Možnosti vnútorné i zahraničné. Zánik RVHP a jeho dôsledky. Mundellov model oživenia, jeho základné východiská. Inflácia, výroba, amortizácia a investície. Kolobeh privatizačných vĺn a ich šokový účinok. Import kapitálu, bankovníctvo, j...
Enregistré dans:
| Auteur principal: | |
|---|---|
| Format: | Chapitre de livre |
| Langue: | hongrois |
| Sujets: | |
| Tags: |
Pas de tags, Soyez le premier à ajouter un tag!
|
MARC
| LEADER | 00000naa a2200000 4500 | ||
|---|---|---|---|
| 001 | r009016 | ||
| 005 | 20221125113817.6 | ||
| 041 | 0 | |a hun | |
| 044 | |a HU | ||
| 245 | 1 | 0 | |a <A> gazdasági élénkülés esélyei. |c T. Erdös |
| 520 | |a Predpoklady oživenia hospodárstva v postkomunistických štátoch. Možnosti vnútorné i zahraničné. Zánik RVHP a jeho dôsledky. Mundellov model oživenia, jeho základné východiská. Inflácia, výroba, amortizácia a investície. Kolobeh privatizačných vĺn a ich šokový účinok. Import kapitálu, bankovníctvo, jeho znovupostavenie. | ||
| 610 | 2 | 0 | |a rozvoj hospodársky |
| 610 | 2 | 0 | |a východná Európa |
| 610 | 2 | 0 | |a stredná Európa |
| 610 | 2 | 0 | |a inflácia |
| 610 | 2 | 0 | |a odpisy |
| 610 | 2 | 0 | |a investície |
| 610 | 2 | 0 | |a privatizácia |
| 610 | 2 | 0 | |a bankovníctvo |
| 610 | 2 | 0 | |a investície zahraničné |
| 100 | 1 | |a Erdös, T. | |